| 000 | 01406cam a2200385 a 4500 | ||
|---|---|---|---|
| 001 | 13979005 | ||
| 003 | OSt | ||
| 005 | 20140310182749.0 | ||
| 008 | 050523s2006 ilu b 001 0 eng | ||
| 010 | _a 2005015016 | ||
| 020 | _a0838909094 | ||
| 040 |
_aDLC _cDLC _dDLC |
||
| 043 | _an-us--- | ||
| 050 | 0 | 0 |
_aZ 716.3 _b.F533 2006 |
| 082 | 0 | 0 |
_aM 021.7 _b F57 2006 |
| 100 | 1 |
_aFisher, Patricia H. _q(Patricia Holts) |
|
| 245 | 1 | 0 |
_aBlueprint for your library marketing plan _ba guide to help you survive and thrive _cFisher, Patricia H. |
| 260 |
_aChicago _bAmerican Library Association _cc2006 |
||
| 300 |
_a135 p. _c28 cm. |
||
| 504 | _aIncludes bibliographical references and index. | ||
| 521 | _aCollege Student | ||
| 526 | _c1210L-1700L | ||
| 541 | _j1 | ||
| 562 | _e1 | ||
| 650 | 0 |
_aLibraries _zUnited States _xMarketing. |
|
| 650 | 0 |
_aLibraries _xPublic relations _zUnited States. |
|
| 650 | 0 |
_aLibrary planning _zUnited States. |
|
| 650 | 0 |
_aStrategic planning _zUnited States. |
|
| 700 | 1 |
_aPride, Marseille M. _q(Marseille Miles) |
|
| 700 | 1 | _aMiller, Ellen G. | |
| 856 | 4 | 1 |
_3Table of contents _uhttp://www.loc.gov/catdir/toc/ecip0513/2005015016.html |
| 906 |
_a7 _bcbc _corignew _d1 _eecip _f20 _gy-gencatlg |
||
| 942 |
_2lcc _cBK _kM |
||
| 999 |
_c15707 _d15707 |
||